00748 2200229 4500001002100000005001700021008004100038035002400079082001000103090002100113100001200134245016800146260002800314300003200342500005600374500002600430650002300456850000900479985000600488986000900494999001500503YOGYA-0209000007243520090227093626.0 ind  0010-020900000072435 a628.3 a628.3bSub ElSK aSUBRONO aEfisiensi proses orientasi pengelolaan limbah cair industri susubStudi kasus Proses aerosi pengolahan limbah cair industri susu PT.Sari Husada YogyakartacSubrono aYogyakartab[s.n]c1995 aviii,83 lembarbilusc28 cm aSkripsi Sekolah Tinggi Tehnik Lingkungan Yogyakarta aBibliografi;lembar 59 aLimbah, Pembuangan aBPAD a1 aHeru a08A0036224